00361nam a2200121 4500008004100000020001500041050002100056100005700077245004000134260002700174300001500201650002300216150521b xxu||||| |||| 00| 0 eng d a4906236839 aHN 774 .A35 2002 aUnited Nations Centre for Regional Deelopmentd2002 aSocial development issues in Africa aNairobi:bUNCRD,c2002 avii, 159p. aSocial development